Evaluation of Macroeconomic Position of Chosen EU Countries

Klástrová analýza makroekonomickej pozície vybraných krajín EÚ. Výsledky klastrov a priemerné hodnoty indexov v klastroch vyjadrujú situáciu v jednotlivých štátoch a reakcia na krízu a geopolitickú situáciu v jednotnej Európe.

Saved in:
Bibliographic Details
Main Author: Manová, Eva, 1957-
Other Authors: Čulková, Katarína, Simonidesová, Jana, 1968-, Lukáč, Jozef, 1991-
Format: Book Chapter
Language:English
Subjects:
Tags: Add Tag
No Tags, Be the first to tag this record!

MARC

LEADER 00000naa a2200000 4500
001 0249846
005 20240502074010.7
041 0 |a eng 
044 |a SK 
245 1 0 |a Evaluation of Macroeconomic Position of Chosen EU Countries  |c Eva Manová, Katarína Čulková, Jana Simonidesová, Jozef Lukáč 
520 |a Klástrová analýza makroekonomickej pozície vybraných krajín EÚ. Výsledky klastrov a priemerné hodnoty indexov v klastroch vyjadrujú situáciu v jednotlivých štátoch a reakcia na krízu a geopolitickú situáciu v jednotnej Európe. 
610 2 0 |a Európska únia 
610 2 0 |a analýza zhluková 
610 2 0 |a ukazovatele makroekonomické 
610 2 0 |a rast hospodársky 
610 2 0 |a nezamestnanosť 
610 2 0 |a inflácia 
100 1 |a Manová, Eva, 1957- 
700 1 |a Čulková, Katarína 
700 1 |a Simonidesová, Jana, 1968- 
700 1 |a Lukáč, Jozef, 1991-